Integration and enlargement of the European Union-lessons to be drawn for the Arab region / (Record no. 17889)
[ view plain ]
| 000 -LEADER | |
|---|---|
| fixed length control field | 01070nam a22002297a 4500 |
| 008 - FIXED-LENGTH DATA ELEMENTS--GENERAL INFORMATION | |
| fixed length control field | 131222s2005 ua ad grb f100 0 eng d |
| 041 1# - LANGUAGE CODE | |
| Language code of text/sound track or separate title | eng |
| -- | ara |
| 043 ## - GEOGRAPHIC AREA CODE | |
| Geographic area code | e------ |
| -- | ma----- |
| 082 04 - DEWEY DECIMAL CLASSIFICATION NUMBER | |
| Edition number | 22 |
| Classification number | 341.2422 |
| Item number | INT |
| 111 2# - MAIN ENTRY--MEETING NAME | |
| 9 (RLIN) | 34739 |
| Meeting name or jurisdiction name as entry element | Conference integration and enlargement of the European Union-lessons to be drawn for the Arab region |
| Date of meeting | (2005 : |
| Location of meeting | Cairo) |
| 245 10 - TITLE STATEMENT | |
| Title | Integration and enlargement of the European Union-lessons to be drawn for the Arab region / |
| Statement of responsibility, etc | editor Naglaa El-Ehwany. |
| 260 ## - PUBLICATION, DISTRIBUTION, ETC. (IMPRINT) | |
| Place of publication, distribution, etc | Cairo : |
| Name of publisher, distributor, etc | Cairo University, Faculty of Economics and Political Science, Center for the European Studies (CEUS) : |
| -- | Konrad-Adenauer-Foundation, |
| Date of publication, distribution, etc | 2005. |
| 300 ## - PHYSICAL DESCRIPTION | |
| Extent | 241 p. : |
| Other physical details | chart, tables ; |
| Dimensions | 23 cm. |
| 504 ## - BIBLIOGRAPHY, ETC. NOTE | |
| Bibliography, etc | Include bibliography reference. |
| 546 ## - LANGUAGE NOTE | |
| Language note | In Arabic and English. |
| 651 #0 - SUBJECT ADDED ENTRY--GEOGRAPHIC NAME | |
| 9 (RLIN) | 34729 |
| Geographic name | Europe |
| General subdivision | Economic integration |
| Form subdivision | Congresses |
| 651 #0 - SUBJECT ADDED ENTRY--GEOGRAPHIC NAME | |
| 9 (RLIN) | 34730 |
| Geographic name | Arab countries |
| General subdivision | Economic integration |
| Form subdivision | Congresses |
| 653 ## - INDEX TERM--UNCONTROLLED | |
| Resource For college | |
| Arrived date list | December2013 |
| 655 ## - INDEX TERM--GENRE/FORM | |
| Form subdivision | |
| -- | 34232 |
| 700 1# - ADDED ENTRY--PERSONAL NAME | |
| 9 (RLIN) | 34728 |
| Personal name | El-Ehwany, Naglaa |
| Relator term | editor. |
| 942 ## - ADDED ENTRY ELEMENTS (KOHA) | |
| Source of classification or shelving scheme | Dewey Decimal Classification |
| Item type | Book - Borrowing |
| Call number prefix | 341.2422 INT |
| Withdrawn status | Item status | Source of classification or shelving scheme | Damaged status | Not for loan | Vendor | Home library | Current library | Shelving location | Date acquired | Source of acquisition | Total Checkouts | Total Renewals | Full call number | Barcode | Date last seen | Date last borrowed | Koha item type |
|---|---|---|---|---|---|---|---|---|---|---|---|---|---|---|---|---|---|
| Dewey Decimal Classification | Donation-Gift | Central Library | Central Library | First floor | 22/12/2013 | Donation | 3 | 5 | 341.2422 INT | 000035259 | 15/07/2025 | 04/11/2024 | Book - Borrowing |